|
|
|
|
| LEADER |
00000nam a2200000Ia 4500 |
| 008 |
180219b2010cr xxu||||| |||| 00| | spa d |
| 999 |
|
|
|c 1506
|d 1506
|
| 090 |
|
|
|a 06.02.01
|b 2001
|
| 100 |
1 |
|
|a Artavia González, Graciela
|9 3345
|
| 245 |
1 |
0 |
|a Plan de los 200 días lectivos del Ministerio de Educación Pública de Costa Rica: Desarrollo de estrategias metodológicas en la enseñanza media entorno a la temática de sustancias puras y mezclas químicas y su impacto en la vida cotidiana /
|c Graciela Artavia González y Carolina Cortés Herrera
|
| 260 |
|
|
|a San José, Costa Rica :
|b INIE. MEP. Instituto de Desarrollo Profesional Uladislao Gámez Solano,
|c 2010
|
| 300 |
|
|
|a 43 páginas
|
| 650 |
1 |
4 |
|a CAPACITACIÓN
|9 729
|
| 650 |
1 |
4 |
|a DOCENTES
|9 331
|
| 700 |
|
|
|a Cortés Herrera, Carolina
|9 3346
|
| 942 |
|
|
|i 002375
|h 06.02.01 2001
|2 z
|c 04
|